Biblioteca

¿Son todas las religiones iguales? (Registro nro. 49836)

Detalles MARC
000 -LÍDER
Campo fijo de descripción fija 005610000a22001810004500
001 - NÚMERO DE CONTROL
Campo de control 768714001
003 - IDENTIFICADOR DEL NÚMERO DE CONTROL
Campo de control CO-MdFUSB
005 - FECHA Y HORA DE LA ULTIMA TRANSACCIÓN
control field 20170505123418.0
008 - ELEMENTOS DE LONGITUD FIJA -- INFORMACIÓN GENERAL
Campo fijo de descripción fija -- Información general 170505s2000 sp ||||| |||| 00| 0 spa d
040 ## - FUENTE DE CATALOGACIÓN
Agencia Catalogadora CO-MdFUSB
Idioma de catalogación spa
Agencia que realiza la transcripción CO-MdFUSB
Agencia que realiza la modificación CO-MdFUSB
041 ## - CÓDIGO DE IDIOMA
Código de idioma para texto/pista de sonido o título separado spa
100 1# - ASIENTO PRINCIPAL--NOMBRE PERSONAL
Nombre personal Groothuis, Douglas R. (1957 - )
Término relacionador 21 cm.
245 10 - TÍTULO
Título ¿Son todas las religiones iguales?
300 ## - DESCRIPCIÓN FÍSICA
Extensión Volumen 1, (2000) Páginas 20 - 39
Dimensiones 21 cm.
546 ## - NOTA DE IDIOMA
Nota de idioma Texto en español
773 0# - ASIENTO DE ITEM FUENTE
Título Andamio
Biblionumber 49451
Itemnumber 60431
Parte(s) relacionada(s) / Volumen., número. (mes año), páginas Volumen 1, (2000) Páginas 20 - 39
Enumeración y primera página Página 20
942 ## - TIPO DE MATERIAL (KOHA)
Tipo de Item KOHA Artículos de Revista
Existencias
Expurgo - (Retirado) Estado de Perdido Estado de Dañado No prestable Colección Ubicación habitual Ubicación actual Fecha de Adquisición Signatura Topográfica Tipo de Material
        Colección de Hemeroteca Biblioteca FUSBC Biblioteca FUSBC 26/01/2016 Artículos de Revista

Biblioteca FUSBC | Teléfono: (57+4) 349 88 10 Ext. 141| WhatsApp (+57) 3005338115 
E-mail: biblioteca@unisbc.edu.co | Calle 76 87-14 Robledo Palenque, Medellín, Colombia

Con tecnología Koha